Red 🔴 & White ⚪️ logo quiz #2 - Statistics

General Stats
  • This quiz has been taken 344 times
  • The average score is 7 of 12
Answer Stats
Picture Answer % Correct
Levi's
94%
Tesla
91%
Youtube
83%
Nintendo
80%
Pinterest
77%
The North Face
69%
New Balance
61%
ESPN
60%
Emirates
52%
H&M
34%
Netflix
34%
Quick
9%
No matching quizzes found
Score Distribution
Percent of People with Each Score
Percentile by Number Answered
Your Score History
You have not taken this quiz